150 bài tập rèn luyện kĩ năng dựng đoạn văn Dùng cho THCS và PTTH

Hệ thống 150 bài tập rèn luyện kĩ năng dựng đoạn văn

保存先:
書誌詳細
第一著者: Nguyễn Quang Ninh
フォーマット: 図書
言語:Vietnamese
出版事項: H. Giáo dục 1998
主題:
タグ: タグ追加
タグなし, このレコードへの初めてのタグを付けませんか!
Thư viện lưu trữ: Mạng thư viện Đại học Đà Nẵng
LEADER 01198nam a2200349 4500
001 000021957
003 18405
005 20150424110407.0
008 150424s1998 viesd
020 |c 11500 
041 0 |a vie 
082 |a 808.0495922  |b NG-N 
100 1 |a Nguyễn Quang Ninh 
245 1 0 |a 150 bài tập rèn luyện kĩ năng dựng đoạn văn  |b Dùng cho THCS và PTTH  |c Nguyễn Quang Ninh 
260 |a H.  |b Giáo dục  |c 1998 
300 |a 187 tr.  |c 21 cm. 
504 |a Thư mục tr.187 
520 3 |a Hệ thống 150 bài tập rèn luyện kĩ năng dựng đoạn văn 
650 0 4 |a Văn học  |x Giáo dục 
653 |a Đoạn văn 
653 |a Bài tập 
653 |a Giáo dục phổ thông 
OWN |a LSP 
AVA |a UDN50  |b LSP  |d 808.0495922 NG-N  |e available  |t Error 5001 Not defined in file expand_doc_bib_avail.  |f 1  |g 0  |h N  |i 0  |k 1 
999 |a From the UDN01 
AVA |a UDN50  |b LSP  |d 808.0495922 NG-N  |e available  |t Error 5001 Not defined in file expand_doc_bib_avail.  |f 1  |g 0  |h N  |i 0  |k 1 
TYP |a Monograph 
TYP |a Printed language 
980 |a Mạng thư viện Đại học Đà Nẵng